02017nam a2200361 a 4500001001200000003000800012006001900020007001500039008004100054010001700095020004300112020004000155020003800195020003500233040002100268035002100289050002300310082001200333100002500345245009000370260005300460300002400513490004100537504005300578505061800631533015201249650002301401655002901424710001701453830004201470856012601512999001701638ebr10329844CaPaEBRm u cr cn|||||||||090128s2009 gw a sb 001 0 eng  z 2009003853 z9783110214345 (hardcover : alk. paper) z3110214342 (hardcover : alk. paper) z9783110214352 (pbk. : alk. paper) z3110214350 (pbk. : alk. paper) aCaPaEBRcCaPaEBR a(OCoLC)59323173514aP165b.L365 2009eb04a4152221 aLangacker, Ronald W.10aInvestigations in cognitive grammarh[electronic resource] /cby Ronald W. Langacker. aBerlin ;aNew York :bMouton de Gruyter,cc2009. axiv, 396 p. :bill.1 aCognitive linguistics research ;v42 aIncludes bibliographical references and indexes.0 aPreface -- 1. Constructions in cognitive grammar -- 2. Metonymy in grammar -- 3. A constructional approach to grammaticization -- 4. Possession, location, and existence -- 5. On the subject of impersonals -- 6. Enunciating the parallelism of nominal and clausal grounding -- 7. The English present: temporal coincidence vs. epistemic immediacy -- 8. A functional account of the English auxiliary -- 9. Aspects of the grammar of finite clauses -- 10. Finite complements in English -- 11. Subordination in cognitive grammar -- 12. The conceptual basis of coordination -- References -- Author index -- Subject index. aElectronic reproduction.bPalo Alto, Calif. :cebrary,d2013.nAvailable via World Wide Web.nAccess may be limited to ebrary affiliated libraries. 0aCognitive grammar. 7aElectronic books.2local2 aebrary, Inc. 0aCognitive linguistics research ;v42.40uhttp://site.ebrary.com/lib/rucke/Doc?id=10329844zAn electronic book accessible through the World Wide Web; click to view c55675d55675